[Event "C.to Europeo U16"]
[Site "Fermo ITA"]
[Date "2009.08.31"]
[Round "1"]
[White "Mraz, Martin"]
[Black "Godart, Francois"]
[Result "0-1"]
[WhiteElo "1813"]
[BlackElo "2179"]
[PlyCount "72"]
[EventDate "2009.08.31"]

1. e4 c6 2. d4 d5 3. e5 Bf5 4. Nf3 e6 5. Be3 Qb6 6. Qc1 Nd7 7. Be2 Ne7 8. Nbd2
Qc7 9. O-O Bg6 10. Nh4 Nf5 11. Nxg6 hxg6 12. g3 f6 13. exf6 gxf6 14. Nf3 g5 15.
Bd3 Bd6 16. Bxf5 exf5 17. Bxg5 O-O-O 18. Bf4 Bxf4 19. Qxf4 Qxf4 20. gxf4 Rhg8+
21. Kh1 Rg4 22. Rae1 Rxf4 23. Re3 Re4 24. Rfe1 c5 25. c3 cxd4 26. Nxd4 Ne5 27.
Nxf5 Rf4 28. Ne7+ Kb8 29. R3e2 Rd7 30. Ng8 Rg7 31. Nh6 a6 32. Rg1 Rh7 33. Ng8
Nf3 34. Re8+ Ka7 35. Kg2 Rhh4 36. Re7 Rxh2+ 0-1

[Event "C.to Europeo U16"]
[Site "Fermo ITA"]
[Date "2009.08.31"]
[Round "1"]
[White "Nakar, Eylon"]
[Black "Anaya Lopez, Gonzalo Javier"]
[Result "1-0"]
[WhiteElo "2242"]
[BlackElo "1871"]
[PlyCount "33"]
[EventDate "2009.08.31"]

1. e4 e6 2. d4 d5 3. Nd2 Nf6 4. e5 Nfd7 5. Bd3 Nc6 6. c3 b6 7. f4 Bb7 8. Ngf3
g6 9. h4 h5 10. Ng5 Ne7 11. g4 hxg4 12. Qxg4 Nf5 13. Ndf3 Qe7 14. Bd2 O-O-O 15.
O-O-O Rh5 16. Rde1 Ng7 17. Nxf7 1-0

[Event "C.to Europeo U16"]
[Site "Fermo ITA"]
[Date "2009.08.31"]
[Round "1"]
[White "Nestorovic, Lazar"]
[Black "Foster, James M."]
[Result "1-0"]
[WhiteElo "2240"]
[BlackElo "1867"]
[PlyCount "81"]
[EventDate "2009.08.31"]

1. e4 e6 2. d4 d5 3. Nc3 Nf6 4. Bg5 Be7 5. e5 Nfd7 6. h4 Bxg5 7. hxg5 Qxg5 8.
Nh3 Qe7 9. Qd3 a6 10. Nf4 g6 11. Qg3 c5 12. Ncxd5 exd5 13. Nxd5 Qd8 14. e6 fxe6
15. Nc7+ Kf7 16. Nxa8 Qa5+ 17. c3 cxd4 18. Qf4+ Qf5 19. Qxd4 e5 20. Bc4+ Kg7
21. Qe3 h5 22. Nc7 Nf6 23. Nd5 Ng4 24. Qe2 Nc6 25. f3 Nf6 26. O-O-O b5 27. Nxf6
Qxf6 28. Bd5 Re8 29. Be4 b4 30. cxb4 Nd4 31. Qd2 Be6 32. Kb1 Qf7 33. b3 Rb8 34.
g4 Nxf3 35. Bxf3 Qxf3 36. gxh5 Qf5+ 37. Kb2 g5 38. Rdf1 Qg4 39. Rhg1 Qd4+ 40.
Qxd4 exd4 41. Rxg5+ 1-0

[Event "C.to Europeo U16"]
[Site "Fermo ITA"]
[Date "2009.08.31"]
[Round "1"]
[White "Orava, Aleksander"]
[Black "Rabatin, Jakub"]
[Result "1/2-1/2"]
[WhiteElo "1794"]
[BlackElo "2175"]
[PlyCount "70"]
[EventDate "2009.08.31"]

1. d4 Nf6 2. Nc3 d5 3. Bg5 Nbd7 4. Qd3 c6 5. f3 Qa5 6. Bd2 Qb6 7. Na4 Qc7 8. e4
dxe4 9. fxe4 e5 10. O-O-O exd4 11. Qxd4 b5 12. e5 Nxe5 13. Bf4 Nfd7 14. Re1 f6
15. Nc3 Be7 16. Nf3 O-O 17. Nxe5 fxe5 18. Bxe5 Nxe5 19. Qxe5 Qxe5 20. Rxe5 Bd6
21. Re1 Bf5 22. Be2 Bb4 23. Bf3 Rac8 24. a3 Bxc3 25. bxc3 c5 26. Re2 a5 27. Kb2
h6 28. Rhe1 b4 29. cxb4 cxb4 30. axb4 axb4 31. Bd5+ Kh7 32. Be4 Bxe4 33. Rxe4
Rf2 34. R4e2 Rxe2 35. Rxe2 Rc4 1/2-1/2

[Event "C.to Europeo U16"]
[Site "Fermo ITA"]
[Date "2009.08.31"]
[Round "1"]
[White "Pavlidis, Antonios"]
[Black "Vandevenne, Sander"]
[Result "1-0"]
[WhiteElo "2360"]
[BlackElo "2043"]
[PlyCount "113"]
[EventDate "2009.08.31"]

1. e4 e6 2. d4 d5 3. Nd2 c5 4. Ngf3 Nc6 5. exd5 exd5 6. Bb5 Bd6 7. dxc5 Bxc5 8.
Nb3 Bb6 9. O-O Nge7 10. Re1 O-O 11. Bg5 f6 12. Be3 Re8 13. Nbd4 Bd7 14. Be2 Rc8
15. c3 Kh8 16. Bd3 Ng6 17. Bc2 Re7 18. Qd2 Qf8 19. Nb3 Bxe3 20. Rxe3 Rxe3 21.
Qxe3 Re8 22. Qd3 Be6 23. Qb5 Rb8 24. Nbd4 Nxd4 25. Nxd4 Bg8 26. Re1 Ne5 27. Bb3
Qd6 28. Nf5 Qc6 29. Qb4 Re8 30. Rd1 Qe6 31. Ne3 Qa6 32. Qa4 Qxa4 33. Bxa4 Nc6
34. Bb3 Ne7 35. Kf1 b5 36. Nc2 a5 37. Nd4 Rb8 38. Re1 Ng6 39. Nc6 Ra8 40. a3
Ra6 41. Nd4 a4 42. Bd1 Ne5 43. f4 Nd3 44. Re8 g6 45. Bf3 Kg7 46. Rb8 Nxb2 47.
Nxb5 Nc4 48. Rxg8+ Kxg8 49. Bxd5+ Kf8 50. Bxc4 Rc6 51. Bd5 Rc5 52. c4 g5 53.
fxg5 fxg5 54. Ke2 Ke7 55. Kd3 Rc8 56. Kd4 Rf8 57. c5 1-0

[Event "C.to Europeo U16"]
[Site "Fermo ITA"]
[Date "2009.08.31"]
[Round "1"]
[White "Piccinini, Samuele"]
[Black "Juhasz, Kristof"]
[Result "0-1"]
[WhiteElo "1908"]
[BlackElo "2268"]
[PlyCount "30"]
[EventDate "2009.08.31"]

1. d4 e6 2. c4 f5 3. Nc3 Nf6 4. f3 Bb4 5. Bd2 Nh5 6. g3 f4 7. Bxf4 Nxf4 8. gxf4
c5 9. a3 Qh4+ 10. Kd2 cxd4 11. axb4 Qxf4+ 12. Kc2 dxc3 13. Kxc3 Nc6 14. Qd3
Qe5+ 15. Kb3 Nxb4 0-1

[Event "C.to Europeo U16"]
[Site "Fermo ITA"]
[Date "2009.08.31"]
[Round "1"]
[White "Pozueta Alegria, Adrian"]
[Black "Firat, Burak"]
[Result "0-1"]
[WhiteElo "2022"]
[BlackElo "2310"]
[PlyCount "62"]
[EventDate "2009.08.31"]

1. e4 c5 2. Nc3 Nc6 3. g3 g6 4. Bg2 Bg7 5. d3 d6 6. Be3 e6 7. Qd2 Nd4 8. Nd1
Ne7 9. c3 Ndc6 10. Bh6 Bxh6 11. Qxh6 b6 12. Qd2 d5 13. exd5 Nxd5 14. Ne2 O-O
15. O-O Ba6 16. Re1 Rc8 17. d4 Bxe2 18. Rxe2 cxd4 19. cxd4 Nde7 20. Bxc6 Nxc6
21. Re4 f5 22. Rh4 e5 23. d5 Nd4 24. Rxd4 exd4 25. Qxd4 Qf6 26. Qd2 f4 27. Nc3
Rc7 28. Re1 Re7 29. Re6 Qf5 30. Ne4 Rd7 31. Qc3 f3 0-1

[Event "C.to Europeo U16"]
[Site "Fermo ITA"]
[Date "2009.08.31"]
[Round "1"]
[White "Ralys, Vincas"]
[Black "Aghasaryan, Robert"]
[Result "0-1"]
[WhiteElo "1868"]
[BlackElo "2240"]
[PlyCount "68"]
[EventDate "2009.08.31"]

1. e4 c5 2. Nf3 e6 3. d4 cxd4 4. Nxd4 Nf6 5. Nc3 d6 6. Bg5 h6 7. Bh4 Be7 8. Qf3
Nbd7 9. Bb5 a6 10. Bxd7+ Bxd7 11. O-O-O Rc8 12. Bg3 Qa5 13. Nb3 Qc7 14. Rhe1
Bc6 15. Qd3 e5 16. f4 O-O 17. fxe5 dxe5 18. Nd5 Bxd5 19. exd5 Bd6 20. Bh4 Nxd5
21. Rd2 Be7 22. Qxd5 Bxh4 23. Rxe5 Bg5 24. Rxg5 hxg5 25. Qxg5 Qxh2 26. Nd4 Rfd8
27. c3 Qh6 28. Qg4 b5 29. Nf3 Rxd2 30. Nxd2 Rd8 31. Qe2 Qf4 32. a3 Rd6 33. g3
Qxg3 34. Ne4 Qf4+ 0-1

[Event "C.to Europeo U16"]
[Site "Fermo ITA"]
[Date "2009.08.31"]
[Round "1"]
[White "Rombaldoni, Brian"]
[Black "Pruja Ramirez De Cartagena, Marc"]
[Result "0-1"]
[WhiteElo "1831"]
[BlackElo "2214"]
[PlyCount "69"]
[EventDate "2009.08.31"]

1. b3 e5 2. Bb2 Nc6 3. e3 Nf6 4. Bb5 Bd6 5. Ne2 a6 6. Bxc6 dxc6 7. O-O O-O 8.
f4 Qe7 9. Qe1 Nd5 10. Qg3 f6 11. fxe5 Bxe5 12. Bxe5 Qxe5 13. Qxe5 fxe5 14.
Rxf8+ Kxf8 15. a3 Bf5 16. c4 Nf6 17. Nbc3 Bc2 18. b4 Bd3 19. c5 a5 20. Nc1 axb4
21. Nxd3 bxc3 22. dxc3 e4 23. Nf2 Ra5 24. Nd1 Rxc5 25. Rb1 b6 26. Kf2 Ra5 27.
Ra1 Ke7 28. Kg3 Ke6 29. Nf2 Ra4 30. Nd1 g5 31. Nb2 Ra5 32. h3 h5 33. a4 Nd5 34.
Nd1 b5 35. Nf2 0-1

[Event "C.to Europeo U16"]
[Site "Fermo ITA"]
[Date "2009.08.31"]
[Round "1"]
[White "Rzayev, Bahruz Iqbal Oglu"]
[Black "Ballas, Kleon-Evangelos"]
[Result "1/2-1/2"]
[WhiteElo "2228"]
[BlackElo "1859"]
[PlyCount "98"]
[EventDate "2009.08.31"]

1. e4 c6 2. d4 d5 3. f3 e6 4. Nc3 Bb4 5. Qd3 Nf6 6. Bg5 h6 7. Bh4 b6 8. Nge2
Ba6 9. Qe3 Ng4 10. fxg4 Qxh4+ 11. Qg3 Qxg3+ 12. Nxg3 Bxf1 13. Rxf1 Bxc3+ 14.
bxc3 Nd7 15. Kd2 O-O 16. Rf3 Rac8 17. Re1 b5 18. e5 Rb8 19. h4 g6 20. g5 h5 21.
Ne2 Nb6 22. g4 hxg4 23. Rf4 Kg7 24. Rxg4 Nc8 25. Ng3 Rh8 26. h5 gxh5 27. Rh4
Ne7 28. Nxh5+ Kh7 29. Reh1 Nf5 30. R4h2 a5 31. Nf4+ Kg7 32. g6 Rxh2+ 33. Rxh2
Rf8 34. gxf7 Kxf7 35. Rh7+ Ng7 36. Rxg7+ Kxg7 37. Nxe6+ Kf7 38. Nxf8 Kxf8 39.
Ke3 Ke7 40. Kf3 Ke6 41. Kf4 b4 42. cxb4 axb4 43. Ke3 c5 44. dxc5 Kxe5 45. Kd3
Kf5 46. c3 bxc3 47. Kxc3 Ke5 48. a4 d4+ 49. Kc4 d3 1/2-1/2

[Event "C.to Europeo U16"]
[Site "Fermo ITA"]
[Date "2009.08.31"]
[Round "1"]
[White "Sagripanti, Michele"]
[Black "Halvax, Georg"]
[Result "1/2-1/2"]
[WhiteElo "1893"]
[BlackElo "2260"]
[PlyCount "205"]
[EventDate "2009.08.31"]

1. e4 c5 2. c3 d5 3. exd5 Qxd5 4. d4 cxd4 5. cxd4 Nc6 6. Be3 e5 7. Nc3 Bb4 8.
dxe5 Qxe5 9. Rc1 Nf6 10. Nf3 Qa5 11. Bc4 Bxc3+ 12. bxc3 O-O 13. O-O Bg4 14. Qb3
Bxf3 15. gxf3 Qc7 16. Be2 Ne5 17. Bd4 Rfe8 18. Qc2 Qd7 19. f4 Ng6 20. f5 Nf4
21. Bf3 N6h5 22. Rfe1 a6 23. Rcd1 Qc7 24. Re4 Nf6 25. Bxf6 gxf6 26. Rdd4 Nh3+
27. Kg2 Ng5 28. Rg4 Kh8 29. Qd3 Rac8 30. c4 b5 31. cxb5 axb5 32. Rd6 Rcd8 33.
Rxd8 Rxd8 34. Qe3 Qd7 35. h4 Nxf3 36. Qxf3 Qd5 37. a4 bxa4 38. Qxd5 Rxd5 39.
Rxa4 Rxf5 40. Rg4 Rh5 41. Kh3 Rh6 42. Rd4 Rg6 43. Rd7 Kg7 44. Rd6 Rg1 45. Kh2
Ra1 46. Kg3 Kg6 47. Rc6 Re1 48. Rd6 Re6 49. Rd7 Ra6 50. f3 Ra1 51. Rd5 Rh1 52.
Rd4 f5 53. Kg2 Re1 54. Kf2 Re6 55. Kg3 Re2 56. Rd5 Ra2 57. Kf4 h5 58. Rd6+ f6
59. Rd8 Ra4+ 60. Kg3 f4+ 61. Kf2 Ra2+ 62. Kg1 Re2 63. Rg8+ Kf5 64. Rh8 Kg6 65.
Rg8+ Kh7 66. Ra8 Re1+ 67. Kg2 Re2+ 68. Kg1 Re5 69. Kg2 Kg6 70. Rg8+ Kf5 71. Ra8
Rc5 72. Ra4 Rc2+ 73. Kg1 Rc3 74. Kg2 Re3 75. Ra5+ Re5 76. Ra4 Rb5 77. Kf2 Rd5
78. Kg2 Rd2+ 79. Kg1 Ke5 80. Re4+ Kf5 81. Ra4 Ke5 82. Re4+ Kd5 83. Rxf4 Ke5 84.
Ra4 Rd4 85. Ra5+ Kf4 86. Rxh5 Kg3 87. Kf1 Rf4 88. Rh8 Kxf3 89. h5 f5 90. h6 Rh4
91. Ke1 f4 92. h7 Rh2 93. Kd1 Rh6 94. Kd2 Rd6+ 95. Kc2 Rd7 96. Kc3 Rf7 97. Kd4
Kf2 98. Ke5 f3 99. Ke6 Ra7 100. Kf6 Ra6+ 101. Kg7 Ra7+ 102. Kf6 Ra6+ 103. Kg7
1/2-1/2

[Event "C.to Europeo U16"]
[Site "Fermo ITA"]
[Date "2009.08.31"]
[Round "1"]
[White "Schaeken, Yordi"]
[Black "Kanarek, Marcel"]
[Result "0-1"]
[WhiteElo "2078"]
[BlackElo "2422"]
[PlyCount "92"]
[EventDate "2009.08.31"]

1. e4 c5 2. c3 d6 3. d4 Nf6 4. Bd3 g6 5. Nf3 Bg7 6. O-O O-O 7. Qe2 cxd4 8. cxd4
Bg4 9. Be3 Nc6 10. Nbd2 d5 11. e5 Ne8 12. h3 Bxf3 13. Nxf3 Nc7 14. Bb5 Nxb5 15.
Qxb5 Qd7 16. a4 f6 17. exf6 Bxf6 18. Rfd1 a6 19. Qd3 Bg7 20. Nh2 Rac8 21. Rac1
Na5 22. b3 Qf5 23. Rc5 Rxc5 24. dxc5 d4 25. Qxf5 Rxf5 26. g4 Rxc5 27. b4 Rc4
28. Bxd4 Rxd4 29. Rxd4 Bxd4 30. bxa5 Bc3 31. Nf3 Bxa5 32. Ne5 Bc3 33. Nd3 b5
34. axb5 axb5 35. Kf1 Kf7 36. Nc5 Bd4 37. Ne4 b4 38. Ke2 b3 39. Kd3 b2 40. Kc2
h6 41. f4 Ke6 42. Ng3 g5 43. fxg5 hxg5 44. Ne4 Bf6 45. Nd2 Kd5 46. Kd3 Bd4 0-1

[Event "C.to Europeo U16"]
[Site "Fermo ITA"]
[Date "2009.08.31"]
[Round "1"]
[White "Schnegg, Daniel"]
[Black "Simongini, Giacomo"]
[Result "1-0"]
[WhiteElo "2092"]
[BlackElo "1566"]
[PlyCount "91"]
[EventDate "2009.08.31"]

1. e4 e6 2. d4 d5 3. Nc3 Nf6 4. Bg5 Be7 5. e5 Nfd7 6. h4 c5 7. Bxe7 Qxe7 8. Nb5
cxd4 9. Nc7+ Kd8 10. Nxa8 Qb4+ 11. Qd2 Qxb2 12. Rd1 Nc6 13. Nf3 Nb4 14. Nxd4
Qxd4 15. Qxd4 Nxc2+ 16. Ke2 Nxd4+ 17. Rxd4 Nxe5 18. Ra4 Nc6 19. Kd2 b6 20. Bb5
Na5 21. Rc1 Bd7 22. Bxd7 Kxd7 23. Rc7+ Kd6 24. Rxa7 Nc4+ 25. Ke2 Rf8 26. Nc7 e5
27. Nb5+ Kc5 28. Nc3 Kd4 29. Nd1 Kc5 30. Ra8 Rxa8 31. Rxa8 d4 32. Kd3 f5 33. f3
Nd6 34. Nf2 h6 35. g4 g6 36. Rg8 Kd5 37. Rxg6 e4+ 38. fxe4+ fxe4+ 39. Nxe4 Nxe4
40. Rxh6 Nf2+ 41. Kd2 Kc4 42. Rxb6 Ne4+ 43. Kc1 d3 44. Re6 Nf2 45. Kd2 Kd5 46.
Re8 1-0

[Event "C.to Europeo U16"]
[Site "Fermo ITA"]
[Date "2009.08.31"]
[Round "1"]
[White "Stoeri, Simon"]
[Black "Baghdasaryan, Vahe"]
[Result "0-1"]
[WhiteElo "1974"]
[BlackElo "2275"]
[PlyCount "68"]
[EventDate "2009.08.31"]

1. e4 c5 2. Nf3 e6 3. d4 cxd4 4. Nxd4 Nc6 5. Nb5 d6 6. c4 Nf6 7. N1c3 a6 8. Na3
Be7 9. Be2 O-O 10. O-O b6 11. Be3 Bb7 12. f3 Nd7 13. Nc2 Rc8 14. Rc1 Nce5 15.
Na3 f5 16. exf5 Rxf5 17. f4 Ng6 18. Bd3 Rf6 19. Be4 Qc7 20. Qg4 Rcf8 21. h4 d5
22. cxd5 Nc5 23. Bxc5 Qxc5+ 24. Kh1 Rxf4 25. Rxf4 Rxf4 26. Qxe6+ Kh8 27. g3 Nf8
28. gxf4 Nxe6 29. f5 Qe3 30. Rf1 Qh3+ 31. Kg1 Qg3+ 32. Kh1 Qxh4+ 33. Kg1 Nf4
34. Nc2 Ne2+ 0-1

[Event "C.to Europeo U16"]
[Site "Fermo ITA"]
[Date "2009.08.31"]
[Round "1"]
[White "Strzemiecki, Zbigniew"]
[Black "Davi, Alessandro"]
[Result "1-0"]
[WhiteElo "2314"]
[BlackElo "2027"]
[PlyCount "95"]
[EventDate "2009.08.31"]

1. e4 c5 2. Nf3 Nc6 3. d4 cxd4 4. Nxd4 Nf6 5. Nc3 e5 6. Ndb5 d6 7. Nd5 Nxd5 8.
exd5 Ne7 9. c4 Ng6 10. Bd3 Be7 11. O-O f5 12. f3 O-O 13. Be3 a6 14. Nc3 Bg5 15.
Bf2 Nf4 16. Ne2 Qe7 17. Nxf4 Bxf4 18. Qc2 Bd7 19. Rae1 Rac8 20. b4 Qf6 21. g3
Bh6 22. c5 e4 23. Bc4 e3 24. Bxe3 Bxe3+ 25. Rxe3 dxc5 26. Qd3 b5 27. d6+ bxc4
28. Qd5+ Qf7 29. Qb7 Rfe8 30. Rfe1 cxb4 31. Re7 Bc6 32. d7 Bxb7 33. Rxe8+ Qf8
34. Rxf8+ Kxf8 35. dxc8=Q+ Bxc8 36. Kf2 Kf7 37. Ke3 a5 38. a3 c3 39. Kd3 Bb7
40. Re5 Kf6 41. Rxa5 bxa3 42. f4 g5 43. Rxa3 gxf4 44. gxf4 Kg6 45. Rxc3 Bd5 46.
Kd4 Bf7 47. Ke5 Be8 48. Rg3+ 1-0

[Event "C.to Europeo U16"]
[Site "Fermo ITA"]
[Date "2009.08.31"]
[Round "1"]
[White "Tal, Eyal"]
[Black "Song, Julien"]
[Result "1-0"]
[WhiteElo "2028"]
[BlackElo "2319"]
[PlyCount "71"]
[EventDate "2009.08.31"]

1. e4 e6 2. d4 d5 3. exd5 exd5 4. Nf3 Bd6 5. c4 Nf6 6. Nc3 O-O 7. c5 Be7 8. Be3
b6 9. b4 a5 10. a3 Ne4 11. Nxe4 dxe4 12. Ne5 Be6 13. Be2 f6 14. Nc4 axb4 15.
axb4 Rxa1 16. Qxa1 f5 17. g3 Bf6 18. O-O bxc5 19. bxc5 Nc6 20. Rd1 Bd5 21. Ne5
Ne7 22. Qa4 c6 23. Nc4 Ng6 24. Nb6 f4 25. Nxd5 cxd5 26. Bxf4 Nxf4 27. gxf4 Bh4
28. c6 Rxf4 29. Rf1 h6 30. f3 Kh7 31. Qc2 Qg5+ 32. Kh1 Rf6 33. f4 Qf5 34. c7
Rf8 35. Ba6 Qh3 36. c8=Q 1-0

[Event "C.to Europeo U16"]
[Site "Fermo ITA"]
[Date "2009.08.31"]
[Round "1"]
[White "Topak, Engin"]
[Black "Petenyi, Tamas"]
[Result "1/2-1/2"]
[WhiteElo "2005"]
[BlackElo "2308"]
[PlyCount "90"]
[EventDate "2009.08.31"]

1. e4 c5 2. Nf3 d6 3. d4 cxd4 4. Nxd4 Nf6 5. Nc3 a6 6. Bc4 e6 7. Bb3 Nbd7 8.
Be3 Nc5 9. f4 Nfxe4 10. Nxe4 Nxe4 11. Qf3 Nc5 12. f5 Nxb3 13. axb3 e5 14. O-O
Be7 15. Ne2 O-O 16. Nc3 Bg5 17. Rad1 Bxe3+ 18. Qxe3 f6 19. Kh1 Bd7 20. Rxd6 Qc7
21. Qd3 Bc6 22. Rd1 Rae8 23. Qc4+ Kh8 24. Ne4 Qc8 25. Re6 Rd8 26. Nd6 Qc7 27.
h3 Rd7 28. Rd3 h6 29. Ne4 Rxd3 30. Qxd3 Qa5 31. Nc3 Qc5 32. Qd6 Qxd6 33. Rxd6
Rc8 34. Kg1 Kg8 35. Kf2 Kf7 36. Rd2 g6 37. fxg6+ Kxg6 38. Ne2 Kf7 39. g4 Ke6
40. Ng3 Rh8 41. Ke3 h5 42. Nxh5 f5 43. gxf5+ Kxf5 44. Ng3+ Ke6 45. Rh2 Rh4
1/2-1/2

[Event "C.to Europeo U16"]
[Site "Fermo ITA"]
[Date "2009.08.31"]
[Round "1"]
[White "Tsirekidze, Giorgi"]
[Black "Mammadov, Zaur Fazahir Oglu"]
[Result "0-1"]
[WhiteElo "1864"]
[BlackElo "2235"]
[PlyCount "96"]
[EventDate "2009.08.31"]

1. d4 d5 2. c4 c6 3. Nf3 Nf6 4. Nc3 e6 5. Bg5 dxc4 6. e4 b5 7. e5 h6 8. exf6
hxg5 9. fxg7 Bxg7 10. a4 g4 11. Ne5 Bxe5 12. dxe5 Qg5 13. axb5 cxb5 14. Qd6 Rh5
15. Be2 Qxe5 16. Qxe5 Rxe5 17. h3 g3 18. fxg3 Bb7 19. Kf2 Rf5+ 20. Bf3 Bxf3 21.
gxf3 Nc6 22. g4 Rc5 23. Ne4 Re5 24. h4 O-O-O 25. h5 f5 26. Nf6 fxg4 27. Nxg4
Red5 28. h6 Rd2+ 29. Ke3 R2d7 30. h7 Rh8 31. Nf6 Rdd8 32. Rag1 Ne7 33. Ke4 a5
34. Rg7 Nf5 35. Rg6 b4 36. Rc1 c3 37. bxc3 b3 38. Ra1 Nd6+ 39. Kf4 b2 40. Rb1
Nc4 41. Rg8 a4 42. Rbg1 e5+ 43. Kf5 Rxh7 44. Nxh7 Rxg8 45. Rxg8+ Kb7 46. Rg7+
Kb6 47. Rg6+ Kb5 48. Rg1 a3 0-1

[Event "C.to Europeo U16"]
[Site "Fermo ITA"]
[Date "2009.08.31"]
[Round "1"]
[White "Vlasak, Lukas"]
[Black "Marconi, Gabriele"]
[Result "1-0"]
[WhiteElo "2177"]
[BlackElo "1795"]
[PlyCount "133"]
[EventDate "2009.08.31"]

1. e4 e5 2. Nf3 Nc6 3. Bb5 d6 4. d4 exd4 5. Nxd4 Bd7 6. Bxc6 bxc6 7. O-O Nf6 8.
Nc3 Be7 9. b3 O-O 10. Bb2 Re8 11. Re1 Rb8 12. Qd2 Ng4 13. f4 Bh4 14. Re2 Qc8
15. Nf3 Be7 16. h3 Nf6 17. Kh2 h6 18. Rae1 Qb7 19. a3 c5 20. e5 Nh7 21. exd6
Bxd6 22. Ne4 Qc6 23. Ne5 Bxe5 24. fxe5 Rbd8 25. Qc3 Be6 26. Qxc5 Qxc5 27. Nxc5
Ng5 28. h4 Nh7 29. Bc3 Rd5 30. Nd3 Nf8 31. Nb4 Rd7 32. Rd2 Rxd2 33. Bxd2 Ng6
34. g3 Bf5 35. Bc3 Rd8 36. Re2 Rd1 37. Nc6 Rc1 38. Nxa7 Bxc2 39. Bb2 Bd3 40.
Bxc1 Bxe2 41. Nc6 Bd1 42. h5 Bxh5 43. Bb2 Kf8 44. b4 Bf3 45. Nb8 Ke7 46. Na6 c6
47. Nc5 Kd8 48. a4 Bg4 49. Nb7+ Kc7 50. Nd6 f6 51. Ne8+ Kd7 52. Nxg7 fxe5 53.
a5 Kc7 54. Ne8+ Kb8 55. Nf6 Bf5 56. Bc1 e4 57. Bxh6 Ne7 58. g4 Bg6 59. Be3 Nd5
60. Nxd5 cxd5 61. b5 Be8 62. b6 Kb7 63. g5 Bf7 64. Kg3 Be8 65. Kf4 Ka6 66. Ke5
Bc6 67. g6 1-0

[Event "C.to Europeo U16"]
[Site "Fermo ITA"]
[Date "2009.08.31"]
[Round "1"]
[White "Wright, Jonathan"]
[Black "Rioboo De Larriva, Alvaro"]
[Result "0-1"]
[WhiteElo "1776"]
[BlackElo "2150"]
[PlyCount "142"]
[EventDate "2009.08.31"]

1. c4 c5 2. g3 g6 3. Bg2 Bg7 4. Nc3 Nc6 5. Nf3 f5 6. O-O e5 7. e4 Nge7 8. d3
O-O 9. Nd2 f4 10. Nb3 d6 11. Qe2 h5 12. f3 Nd4 13. Nxd4 exd4 14. Nd5 Nxd5 15.
cxd5 Be5 16. gxf4 Bxf4 17. Qf2 h4 18. Bxf4 Rxf4 19. h3 Qg5 20. Kh2 Bd7 21. Rg1
Qe5 22. Kh1 Raf8 23. a3 Kg7 24. Raf1 Bb5 25. Rd1 Qh5 26. Rgf1 Bd7 27. Kh2 a5
28. Rb1 Qe5 29. Kh1 a4 30. b4 axb3 31. Rxb3 b5 32. Qe2 R4f7 33. Qf2 Qh5 34. Kh2
Qe5+ 35. Kh1 Rf4 36. Rb2 Qe8 37. Kh2 Qa8 38. Rb3 g5 39. Kh1 Qa4 40. Rfb1 Qa5
41. Kh2 Ra8 42. Qe2 Qc7 43. Qf2 Ra4 44. Rg1 Kh6 45. Ra1 Rf8 46. Bf1 Qd8 47. Be2
Qf6 48. Bd1 Qf4+ 49. Kg2 Bxh3+ 50. Kxh3 g4+ 51. Kg2 h3+ 52. Kf1 g3 53. Qg1 g2+
54. Ke2 Qe3+ 55. Qxe3+ dxe3 56. Bc2 h2 57. Rbb1 Rxa3 58. Rh1 gxh1=Q 59. Rxh1 b4
60. Kxe3 Ra2 61. Rxh2+ Kg5 62. Rf2 Rb8 63. Bb3 Rxf2 64. Kxf2 Kf4 65. Ke2 Rc8
66. Kf2 Rh8 67. Bd1 Rh2+ 68. Ke1 Ke3 69. Kf1 Rh1+ 70. Kg2 Rxd1 71. e5 dxe5 0-1

[Event "C.to Europeo U16"]
[Site "Fermo ITA"]
[Date "2009.09.01"]
[Round "2"]
[White "Aghasaryan, Robert"]
[Black "Tal, Eyal"]
[Result "1-0"]
[WhiteElo "2240"]
[BlackElo "2028"]
[PlyCount "120"]
[EventDate "2009.08.31"]

1. d4 d5 2. c4 c6 3. cxd5 cxd5 4. Bf4 Nf6 5. e3 Nc6 6. Nc3 a6 7. Bd3 Bg4 8. f3
Bh5 9. Nge2 e6 10. O-O Be7 11. Rc1 O-O 12. Na4 Bg6 13. Bxg6 hxg6 14. Qb3 Na5
15. Qb6 Nd7 16. Qxd8 Bxd8 17. b3 Nc6 18. Bd6 Re8 19. Nf4 Bg5 20. Rc3 Rac8 21.
Rfc1 Na7 22. Rc7 Red8 23. Kf2 Rxc7 24. Bxc7 Rc8 25. Nd3 Nb5 26. Bg3 Rxc1 27.
Nxc1 Be7 28. Nd3 Na7 29. Ke2 Nc6 30. Nc3 g5 31. Bf2 f5 32. e4 fxe4 33. fxe4 Nf6
34. Kf3 g4+ 35. Kf4 g5+ 36. Ke3 dxe4 37. Nxe4 Nd5+ 38. Kd2 b6 39. Be3 Kf7 40.
Bxg5 Bxg5+ 41. Nxg5+ Kf6 42. Ne4+ Kg6 43. Nc3 Nxc3 44. Kxc3 Kf5 45. Nb4 Nb8 46.
Kd3 Kf4 47. d5 e5 48. d6 Nd7 49. Nxa6 e4+ 50. Ke2 Ke5 51. Ke3 Nf6 52. Nb4 Kxd6
53. Kf4 Kc5 54. Nc2 Kd5 55. Kf5 Nd7 56. Kxg4 Ke5 57. h4 Nf6+ 58. Kg5 Nh7+ 59.
Kg6 Nf8+ 60. Kf7 Nh7 1-0

[Event "C.to Europeo U16"]
[Site "Fermo ITA"]
[Date "2009.09.01"]
[Round "2"]
[White "Anaya Lopez, Gonzalo Javier"]
[Black "Fernandez Garcia, Jose' Miguel"]
[Result "0-1"]
[WhiteElo "1871"]
[BlackElo "2261"]
[PlyCount "47"]
[EventDate "2009.08.31"]

1. e4 g6 2. d4 Bg7 3. Be3 Nf6 4. Nd2 d6 5. f3 Nbd7 6. Bc4 O-O 7. Ne2 c6 8. O-O
d5 9. Bb3 dxe4 10. Nxe4 a5 11. c3 Nxe4 12. fxe4 Nf6 13. Ng3 Qb6 14. Qd2 Ng4 15.
Bg5 a4 16. Bc4 e5 17. Ne2 exd4 18. cxd4 Ne5 19. Qc3 Nxc4 20. Qxc4 Be6 21. Qd3
Bg4 22. Rf2 a3 23. bxa3 Bxe2 24. Rxe2 0-1

[Event "C.to Europeo U16"]
[Site "Fermo ITA"]
[Date "2009.09.01"]
[Round "2"]
[White "Baghdasaryan, Vahe"]
[Black "Khachykian, David"]
[Result "1-0"]
[WhiteElo "2275"]
[BlackElo "2139"]
[PlyCount "57"]
[EventDate "2009.08.31"]

1. e4 c5 2. Nf3 Nc6 3. d4 cxd4 4. Nxd4 e5 5. Nb5 d6 6. N1c3 a6 7. Na3 b5 8. Nd5
Nge7 9. Bg5 Qa5+ 10. Bd2 Qd8 11. Bg5 Qa5+ 12. Bd2 Qd8 13. Bd3 Rb8 14. O-O Be6
15. c4 Nd4 16. Qe1 Bxd5 17. exd5 Qb6 18. Be3 g6 19. cxb5 Nxd5 20. Nc4 Qc5 21.
b4 Nxb4 22. Bxd4 Qxd4 23. Qxb4 Qxd3 24. Rfd1 Rxb5 25. Qa4 Qc3 26. Qxa6 Qxc4 27.
Rac1 Qe2 28. Qc6+ Kd8 29. Rxd6+ 1-0

[Event "C.to Europeo U16"]
[Site "Fermo ITA"]
[Date "2009.09.01"]
[Round "2"]
[White "Ballas, Kleon-Evangelos"]
[Black "Kotainy, Jens"]
[Result "1-0"]
[WhiteElo "1859"]
[BlackElo "2270"]
[PlyCount "113"]
[EventDate "2009.08.31"]

1. d4 Nf6 2. c4 c5 3. d5 e5 4. Nc3 d6 5. e4 Nbd7 6. Be2 h5 7. Nf3 Be7 8. Ng5
Nf8 9. h3 h4 10. f4 exf4 11. Bxf4 Ng6 12. Qd2 Nh5 13. Bxh5 Rxh5 14. Nf3 Bf6 15.
Nb5 Nxf4 16. Qxf4 Ke7 17. O-O a6 18. Nxd6 Qxd6 19. e5 Rxe5 20. Nxe5 Bxe5 21.
Qxf7+ Kd8 22. Rae1 Bd7 23. Qg8+ Be8 24. Rf5 Bd4+ 25. Kh1 Qg6 26. Rxe8+ Qxe8 27.
Rf8 Ke7 28. Rxe8+ Rxe8 29. Qe6+ Kd8 30. Qd6+ Kc8 31. g4 Re1+ 32. Kg2 Re2+ 33.
Kf1 Rf2+ 34. Ke1 Rf6 35. Qe7 Rf3 36. Qxh4 Bxb2 37. d6 Re3+ 38. Kd2 Re6 39. Kc2
Bd4 40. Qh8+ Kd7 41. Qb8 Rxd6 42. Qxb7+ Ke6 43. h4 Kf6 44. Qf3+ Ke7 45. h5 Rf6
46. Qb7+ Kf8 47. Qc8+ Kf7 48. g5 Rf2+ 49. Kb3 Rb2+ 50. Ka3 Rb4 51. Qd7+ Kf8 52.
Qxd4 cxd4 53. Kxb4 a5+ 54. Kb3 Ke7 55. Kc2 Ke6 56. Kd3 Kf5 57. h6 1-0

[Event "C.to Europeo U16"]
[Site "Fermo ITA"]
[Date "2009.09.01"]
[Round "2"]
[White "Berchtenbreiter, Maximilian"]
[Black "Kovalev, Vladislav"]
[Result "0-1"]
[WhiteElo "2143"]
[BlackElo "2307"]
[PlyCount "80"]
[EventDate "2009.08.31"]

1. e4 e5 2. Nf3 Nc6 3. Bc4 Bc5 4. b4 Bxb4 5. c3 Ba5 6. d4 exd4 7. O-O d6 8. Qb3
Qe7 9. cxd4 Bb6 10. Bb5 Bd7 11. Nc3 Na5 12. Qc2 Bxb5 13. Nxb5 Qd7 14. Rb1 c6
15. Nc3 Ne7 16. e5 d5 17. Na4 Nc4 18. Nd2 O-O 19. Nxc4 dxc4 20. Ba3 Rfd8 21.
Rxb6 axb6 22. Nxb6 Qxd4 23. Nxa8 Nd5 24. Rd1 Qxe5 25. Bb2 Qe8 26. Qxc4 Rxa8 27.
h4 Qe6 28. Rd3 Qe1+ 29. Kh2 Qxf2 30. Rb3 h5 31. Rxb7 Ne3 32. Qxc6 Qxh4+ 33. Kg1
Qe1+ 34. Kh2 Ng4+ 35. Kh3 Re8 36. Rb3 Nf2+ 37. Kh2 Qh1+ 38. Kg3 Ne4+ 39. Kf3
Nd2+ 40. Kf4 Qh4+ 0-1